[Event "Campionato europeo 2007"]
[Site "Dresda GER"]
[Date "2007.04.14"]
[Round "11.34"]
[White "Khairullin, Ildar"]
[Black "Iljushin, Alexei"]
[Result "0-1"]
[WhiteElo "2586"]
[BlackElo "2501"]
[PlyCount "160"]
[EventDate "2007.04.03"]
[Source "www.chesslib.no"]
[SourceDate "2004.05.04"]

1. e4 c5 2. Nf3 Nc6 3. d4 cxd4 4. Nxd4 Nf6 5. Nc3 d6 6. Bg5 Bd7 7. Qd2 Nxd4 8. Qxd4 Qa5 9. Bd2 Rc8 10. O-O-O g6 11. Kb1 Bg7 12. Nb5 Qb6 13. Qxb6 axb6 14. f3 Bc6 15. Nc3 Nd7 16. Nd5 Bxd5 17. exd5 O-O 18. Bb5 Nc5 19. Bg5 Rc7 20. Rhe1 f6 21. Bh4 Ra8 22. Rd4 Kf7 23. Rc4 Rcc8 24. f4 Ra5 25. a4 Rca8 26. b4 Rxa4 27. bxc5 Ra1+ 28. Kb2 f5+ 29. c3 R8a2+ 30. Kb3 Ra3+ 31. Kc2 R3a2+ 32. Kb3 Ra3+ 33. Kc2 R3a2+ 34. Kd3 Rxe1 35. Bxe1 bxc5 36. Bd7 Rxg2 37. Be6+ Kf8 38. Ra4 Bf6 39. Bg3 b5 40. Ra8+ Kg7 41. Bd7 h5 42. Bxb5 h4 43. Be1 Rxh2 44. Bd2 Rh1 45. Be3 h3 46. Ra2 h2 47. Rd2 Rb1 48. Rxh2 Rxb5 49. Ra2 Rb3 50. Bd2 Rb1 51. Be3 Rd1+ 52. Ke2 Rh1 53. Ra7 Rh2+ 54. Kd3 Rh3 55. Ke2 Kf7 56. c4 Rh2+ 57. Kd3 Rb2 58. Bd2 Rb3+ 59. Ke2 Bc3 60. Be3 Rb2+ 61. Kd3 Bb4 62. Ra1 Rb3+ 63. Ke2 Rc3 64. Rc1 Rxc1 65. Bxc1 Bc3 66. Be3 Bf6 67. Bd2 Kg7 68. Kf3 Kh6 69. Be3 g5 70. fxg5+ Bxg5 71. Bf2 Kg6 72. Be1 Bf6 73. Ba5 Be5 74. Bd8 Kf7 75. Ba5 e6 76. dxe6+ Kxe6 77. Ke3 d5 78. Kd3 f4 79. Bd2 f3 80. Be3 dxc4+ 0-1

[Event "JUG-ch playoff"]
[Site "Belgrade"]
[Date "1997.??.??"]
[Round "3"]
[White "Popovic, Petar"]
[Black "Damljanovic, Branko"]
[Result "1/2-1/2"]
[WhiteElo "2545"]
[BlackElo "2540"]
[PlyCount "53"]
[EventDate "1997.04.??"]
[Source "www.chesslib.no"]
[SourceDate "2004.05.04"]

1. e4 c5 2. Nf3 Nc6 3. d4 cxd4 4. Nxd4 Nf6 5. Nc3 d6 6. Bg5 Bd7 7. Qd2 Rc8 8. O-O-O Nxd4 9. Qxd4 Qa5 10. Bd2 g6 11. a3 Bg7 12. Nd5 Qc5 13. Bc3 Nh5 14. Qxc5 Rxc5 15. Bb4 Rc8 16. Be2 Nf6 17. Bc3 Nxd5 18. Bxg7 Rg8 19. Bd4 Nf4 20. Bf3 b6 21. Rhe1 Ne6 22. e5 Nxd4 23. Rxd4 dxe5 24. Rxe5 e6 25. b3 Ke7 26. Kb2 Rc7 27. Re2 1/2-1/2

[Event "RUS-chT 9th"]
[Site "Ekaterinburg"]
[Date "2002.05.21"]
[Round "5"]
[White "Galkin, Alexander"]
[Black "Ovetchkin, Roman"]
[Result "1/2-1/2"]
[WhiteElo "2569"]
[BlackElo "2515"]
[PlyCount "38"]
[EventDate "2002.05.17"]
[Source "ChessBase"]
[SourceDate "2002.09.20"]

1. e4 c5 2. Nf3 Nc6 3. d4 cxd4 4. Nxd4 Nf6 5. Nc3 d6 6. Bg5 Bd7 7. Qd2 Rc8 8. Nxc6 Bxc6 9. f3 Qa5 10. Nb5 Qxd2+ 11. Bxd2 Bxb5 12. Bxb5+ Nd7 13. Bc3 a6 14. Ba4 Rg8 15. O-O-O g6 16. Bxd7+ Kxd7 17. e5 Bh6+ 18. Bd2 Bxd2+ 19. Rxd2 Rc6 1/2-1/2

[Event "Memorial V.Doroshkevich (open)"]
[Site "Belorechensk (Russia)"]
[Date "2007.06.01"]
[Round "4"]
[White "Lastin Alexander (RUS)"]
[Black "Petrushin Alexander I (RUS)"]
[Result "1-0"]
[WhiteElo "2590"]
[BlackElo "2492"]
[PlyCount "34"]
[EventDate "2007.??.??"]
[Source "www.chesslib.no"]
[SourceDate "2004.05.04"]

1. e4 c5 2. Nf3 d6 3. d4 cxd4 4. Nxd4 Nf6 5. Nc3 Nc6 6. Bg5 Bd7 7. Qd2 Rc8 8. f4 Nxd4 9. Qxd4 Qa5 10. e5 dxe5 11. fxe5 e6 12. O-O-O Bc6 13. Nb5 Be4 14. exf6 Rxc2+ 15. Kb1 Rd2+ 16. Bd3 Bxd3+ 17. Ka1 Bb1 1-0

[Event "Moscow RUS"]
[Site "?"]
[Date "2005.02.18"]
[Round "4"]
[White "Karjakin Sergey"]
[Black "Galliamova Alisa"]
[Result "1-0"]
[WhiteElo "2599"]
[BlackElo "2477"]
[PlyCount "77"]
[EventDate "2005.??.??"]
[Source "www.chesslib.no"]
[SourceDate "2004.05.04"]

1. e4 c5 2. Nf3 Nc6 3. d4 cxd4 4. Nxd4 Nf6 5. Nc3 d6 6. Bg5 Bd7 7. Qd2 Rc8 8. f4 Nxd4 9. Qxd4 Qa5 10. e5 dxe5 11. fxe5 e6 12. O-O-O Bc6 13. Nb5 Bxb5 14. exf6 Bc6 15. h4 g6 16. Bc4 Bc5 17. Qg4 h5 18. Qe2 O-O 19. Kb1 Rfd8 20. Bd3 Rxd3 21. Qxd3 Bxg2 22. Rhe1 Re8 23. Re5 Qc7 24. Bf4 Bc6 25. Rf5 e5 26. Bxe5 Qd7 27. Rff1 Qxd3 28. cxd3 Bg2 29. d4 Bxf1 30. Rxf1 Re6 31. Kc2 Bd6 32. Re1 Bxe5 33. dxe5 Kh7 34. Kd3 Kh6 35. Ke4 Rb6 36. Kd5 Rxb2 37. e6 fxe6+ 38. Kd6 Rf2 39. Ke7 1-0

[Event "Katowice Open"]
[Site "Katowice POL"]
[Date "1993.??.??"]
[Round "6"]
[White "Malisauskas, Vidmantas"]
[Black "Ryskin, Alexander"]
[Result "1/2-1/2"]
[WhiteElo "2570"]
[BlackElo "2505"]
[PlyCount "25"]
[EventDate "1993.01.??"]
[Source "www.chesslib.no"]
[SourceDate "2004.05.04"]

1. e4 c5 2. Nf3 d6 3. d4 cxd4 4. Nxd4 Nf6 5. Nc3 Nc6 6. Bg5 Bd7 7. Qd2 Nxd4 8. Qxd4 Qa5 9. Bd2 Rc8 10. Nd5 Qc5 11. Qxc5 dxc5 12. f3 Nxd5 13. exd5 1/2-1/2

[Event "Montecatini Terme op"]
[Site "Montecatini Terme"]
[Date "1997.08.09"]
[Round "9"]
[White "Zelcic, Robert"]
[Black "Efimov, Igor"]
[Result "1/2-1/2"]
[WhiteElo "2530"]
[BlackElo "2540"]
[PlyCount "83"]
[EventDate "1997.11.??"]
[Source "www.chesslib.no"]
[SourceDate "2004.05.04"]

1. e4 c5 2. Nf3 d6 3. d4 cxd4 4. Nxd4 Nf6 5. Nc3 Bd7 6. Bg5 Nc6 7. Qd2 a6 8. Be2 e6 9. O-O Be7 10. Nb3 Qc7 11. a4 O-O 12. Rad1 Rfc8 13. Kh1 Be8 14. Qe3 Na5 15. f4 Nc4 16. Bxc4 Qxc4 17. Qf3 h6 18. Bh4 b5 19. axb5 axb5 20. Rd4 Qc7 21. Qe2 b4 22. Rxb4 d5 23. Bxf6 Bxb4 24. Qg4 Bf8 25. exd5 Qc4 26. Rd1 exd5 27. h3 Ra6 28. Nxd5 Qxc2 29. Ne7+ Kh8 30. Nd4 Qa4 31. b3 Qd7 32. Nxc8 Rxf6 33. Qxd7 Bxd7 34. Nf3 Bxc8 35. Rd8 Be6 36. Rxf8+ Kh7 37. Nd4 Bd5 38. Rd8 Be4 39. f5 Bxf5 40. Nxf5 Rxf5 41. Rd7 Rb5 42. Rxf7 1/2-1/2

[Event "ISL Ch"]
[Site "Iceland"]
[Date "1994.??.??"]
[Round "9"]
[White "Hjartarson, Johann"]
[Black "Thorhallsson, Throstur"]
[Result "1/2-1/2"]
[WhiteElo "2595"]
[BlackElo "2470"]
[PlyCount "95"]
[EventDate "1994.??.??"]
[Source "www.chesslib.no"]
[SourceDate "2004.05.04"]

1. e4 c5 2. Nf3 Nc6 3. d4 cxd4 4. Nxd4 Nf6 5. Nc3 d6 6. Bg5 Bd7 7. Qd2 Rc8 8. O-O-O Nxd4 9. Qxd4 Qa5 10. Bd2 e5 11. Qd3 Rxc3 12. Bxc3 Qxa2 13. f3 g6 14. Kd2 Qe6 15. Ke1 Bc6 16. Bb4 d5 17. Bxf8 Kxf8 18. exd5 Nxd5 19. c4 Nf4 20. Qd6+ Qxd6 21. Rxd6 Ke7 22. Rd2 a5 23. Kf2 Rc8 24. g3 Ne6 25. Bh3 f5 26. Re1 Kf6 27. Bf1 Nc5 28. h4 Ke6 29. Re3 Rg8 30. Rd1 Kf6 31. Ra1 a4 32. Rd1 Ra8 33. Ke1 Nb3 34. h5 Ke6 35. Kf2 Nc5 36. hxg6 hxg6 37. Bg2 Ra6 38. f4 e4 39. Bf1 Rb6 40. Rd2 Nb3 41. Rd1 Nc5 42. Rb1 Kf6 43. Rc3 e3+ 44. Kxe3 Be4 45. Ra1 Rxb2 46. Be2 Bc6 47. Rca3 g5 48. fxg5+ 1/2-1/2

[Event "otb"]
[Site "otb"]
[Date "2007.05.06"]
[Round "4"]
[White "Yemelin Vasily"]
[Black "Iljushin Alexei"]
[Result "1/2-1/2"]
[WhiteElo "2564"]
[BlackElo "2501"]
[PlyCount "32"]
[Source "www.chesslib.no"]
[SourceDate "2004.05.04"]

1. e4 c5 2. Nf3 Nc6 3. d4 cxd4 4. Nxd4 Nf6 5. Nc3 d6 6. Bg5 Bd7 7. Qd2 Nxd4 8. Qxd4 Qa5 9. f4 h6 10. Bxf6 gxf6 11. O-O-O Rc8 12. Be2 Qc5 13. Qd3 f5 14. e5 Bg7 15. Rhg1 h5 16. Nb1 Be6 1/2-1/2

[Event "Capablanca mem Elite 39th"]
[Site "Havana"]
[Date "2004.05.07"]
[Round "2"]
[White "Gonzalez, Yuri"]
[Black "Morovic Fernandez, Ivan"]
[Result "1-0"]
[WhiteElo "2481"]
[BlackElo "2583"]
[PlyCount "69"]
[EventDate "2004.05.06"]
[Source "ChessBase"]
[SourceDate "2004.07.27"]

1. e4 c5 2. Nf3 d6 3. d4 cxd4 4. Nxd4 Nf6 5. Nc3 Nc6 6. Bg5 Bd7 7. Qd2 Nxd4 8. Qxd4 Qa5 9. f4 h6 10. Bxf6 gxf6 11. O-O-O Rc8 12. Kb1 Qc5 13. Qd3 f5 14. e5 Bg7 15. Be2 h5 16. Bf3 b5 17. Rhe1 h4 18. exd6 e6 19. Nd5 Kf8 20. Nc7 Qb4 21. Qb3 Qxf4 22. Qa3 Kg8 23. Qc5 h3 24. Bb7 Rd8 25. g3 Qc4 26. Qe3 Bf6 27. g4 fxg4 28. Rf1 Bg7 29. Qg5 Rf8 30. Qe7 Qb4 31. c3 Bxc3 32. Rf2 Bd4 33. Rfd2 Be3 34. Rd3 Bh6 35. Rd4 1-0

[Event "It (Men) Edmonton CAN"]
[Site "?"]
[Date "2005.07.14"]
[Round "6"]
[White "Ganguly Surya Shekhar"]
[Black "Tyomkin Dimitri"]
[Result "1-0"]
[WhiteElo "2596"]
[BlackElo "2467"]
[PlyCount "83"]
[EventDate "2005.??.??"]
[Source "www.chesslib.no"]
[SourceDate "2004.05.04"]

1. e4 c5 2. Nf3 Nc6 3. d4 cxd4 4. Nxd4 Nf6 5. Nc3 d6 6. Bg5 Bd7 7. Qd2 Rc8 8. f4 Nxd4 9. Qxd4 Qa5 10. e5 dxe5 11. fxe5 e6 12. O-O-O Bc6 13. Nb5 Bxb5 14. exf6 Bc6 15. h4 g6 16. Bc4 Bc5 17. Qe5 Bb4 18. Qxa5 Bxa5 19. h5 gxh5 20. Rxh5 Bxg2 21. Bb5+ Bc6 22. Be2 Be4 23. Rd4 Rxc2+ 24. Kd1 Rxe2 25. Kxe2 Bf5 26. Rh1 O-O 27. Rd7 Rd8 28. Rxd8+ Bxd8 29. Bh6 e5 30. Rg1+ Bg6 31. Rc1 Bf5 32. Ke3 Bb6+ 33. Kf3 Bd8 34. Rg1+ Bg6 35. Kg4 Be4 36. Kg5 Bb6 37. Re1 Bc6 38. Rxe5 Bd4 39. Re7 Bxb2 40. Kf5 Ba3 41. Rc7 Bf8 42. Kg5 1-0

[Event "ESP-chT"]
[Site "Salamanca"]
[Date "1998.??.??"]
[Round "2"]
[White "Korneev, Oleg"]
[Black "Rodriguez Vargas, Orestes"]
[Result "1-0"]
[WhiteElo "2600"]
[BlackElo "2460"]
[PlyCount "97"]
[EventDate "1998.09.05"]
[Source "www.chesslib.no"]
[SourceDate "2004.05.04"]

1. e4 c5 2. Nf3 d6 3. d4 cxd4 4. Nxd4 Nf6 5. Nc3 Nc6 6. Bg5 Bd7 7. Qd2 Rc8 8. O-O-O Nxd4 9. Qxd4 Qa5 10. Bd2 e6 11. Kb1 Qc5 12. Qxc5 dxc5 13. f3 g6 14. Bf4 Bc6 15. a4 Be7 16. Bc4 Nd7 17. Bb5 Bf6 18. Bxc6 Rxc6 19. Ne2 g5 20. Bd2 Ne5 21. h4 gxh4 22. Bc3 Ke7 23. f4 Ng6 24. Bxf6+ Kxf6 25. Rd7 Rb8 26. e5+ Kg7 27. g3 Kf8 28. gxh4 Ke8 29. Rhd1 h5 30. c4 Rcc8 31. f5 exf5 32. e6 fxe6 33. Rg7 Nf8 34. Nf4 Rd8 35. Nd5 exd5 36. Re1+ Ne6 37. Rxe6+ Kf8 38. Ree7 dxc4 39. Ref7+ Ke8 40. Re7+ Kf8 41. Ref7+ Ke8 42. Rxf5 Rd1+ 43. Ka2 Rbd8 44. Rxh5 Rf1 45. Rg8+ Rf8 46. Rxf8+ Kxf8 47. Rh8+ Ke7 48. Rxd8 Kxd8 49. a5 1-0

[Event "Helsinki"]
[Site "Helsinki"]
[Date "1984.??.??"]
[Round "?"]
[White "Balashov, Yuri S"]
[Black "Yrjola, Jouni"]
[Result "1/2-1/2"]
[WhiteElo "2535"]
[BlackElo "2515"]
[PlyCount "84"]
[EventDate "1984.06.??"]
[Source "ChessBase"]

1. e4 c5 2. Nf3 d6 3. d4 cxd4 4. Nxd4 Nf6 5. Nc3 Nc6 6. Bg5 e6 7. Qd2 Nxd4 8. Qxd4 Bd7 9. O-O-O Qa5 10. Bd2 a6 11. Be2 Bc6 12. a3 Qc5 13. Qxc5 dxc5 14. Bf4 Rd8 15. Rxd8+ Kxd8 16. Nb1 Be7 17. Nd2 Bb5 18. Nc4 Nd7 19. Rd1 Kc8 20. b3 Bxc4 21. Bxc4 Bf6 22. Be3 g5 23. g3 Rg8 24. Be2 Kc7 25. a4 Rg7 26. f4 Be7 27. Bf3 Nb8 28. c3 b6 29. Kc2 a5 30. Rd2 Bd6 31. fxg5 Nd7 32. Bh5 c4 33. bxc4 Bc5 34. Bd4 Rxg5 35. Bxf7 e5 36. Bf2 Bxf2 37. Rxf2 Nc5 38. Be8 Rg7 39. Rf6 Re7 40. Bc6 Re6 41. Rxe6 Nxe6 42. Bb5 Nc5 1/2-1/2

[Event "HUN Ch"]
[Site "HUN"]
[Date "1993.??.??"]
[Round "9"]
[White "Groszpeter, Attila"]
[Black "Csom, Istvan"]
[Result "1-0"]
[WhiteElo "2525"]
[BlackElo "2520"]
[PlyCount "72"]
[EventDate "1993.10.??"]
[Source "www.chesslib.no"]
[SourceDate "2004.05.04"]

1. e4 c5 2. Nf3 d6 3. d4 cxd4 4. Nxd4 Nf6 5. Nc3 Nc6 6. Bg5 Bd7 7. Qd2 Rc8 8. f4 Nxd4 9. Qxd4 Qa5 10. e5 dxe5 11. fxe5 e6 12. O-O-O Rxc3 13. Bd2 Qxa2 14. Bxc3 g6 15. b4 Nd5 16. Bc4 Bh6+ 17. Rd2 Qa3+ 18. Bb2 Qxb4 19. Bxd5 Qb5 20. Bf3 O-O 21. Kb1 Bxd2 22. Qxd2 Bc6 23. Qd3 Qb6 24. Bxc6 Qxc6 25. Qf3 Qc7 26. Rd1 Rc8 27. Rd2 b5 28. Qd1 h5 29. Rd7 Qc6 30. Rd8+ Kg7 31. Rxc8 Qxc8 32. Qf1 Qd7 33. Ba3 Qd5 34. Bc1 a6 35. Qf6+ Kg8 36. Bh6 Qd1+ 1-0

[Event "Palma de Mallorca Open"]
[Site "Palma de Majorca ESP"]
[Date "1992.??.??"]
[Round "7"]
[White "Garcia, Gildardo"]
[Black "Ubilava, Elizbar E"]
[Result "1-0"]
[WhiteElo "2485"]
[BlackElo "2560"]
[PlyCount "73"]
[EventDate "1992.04.??"]
[Source "www.chesslib.no"]
[SourceDate "2004.05.04"]

1. e4 c5 2. Nf3 d6 3. d4 cxd4 4. Nxd4 Nf6 5. Nc3 Nc6 6. Bg5 Bd7 7. Qd2 Rc8 8. f4 a6 9. O-O-O e6 10. Nb3 Be7 11. Kb1 b5 12. Bxf6 gxf6 13. Ne2 O-O 14. f5 Kh8 15. Nf4 Rg8 16. g3 Rc7 17. Bh3 Qc8 18. Rhf1 b4 19. fxe6 fxe6 20. Nh5 Rg6 21. Rf2 a5 22. Rdf1 a4 23. Nd4 b3 24. axb3 Nxd4 25. Qxd4 axb3 26. cxb3 Qa8 27. Nf4 e5 28. Nxg6+ hxg6 29. Qe3 Kg7 30. Bxd7 Rxd7 31. Rc1 Ra7 32. Rc4 f5 33. exf5 gxf5 34. Rxf5 Ra1+ 35. Kc2 Qg2+ 36. Rf2 Qh3 37. Qe4 1-0

[Event "Thessaloniki ol (Men)"]
[Site "Thessaloniki GRE"]
[Date "1988.??.??"]
[Round "14"]
[White "Donchev, Dimitar I"]
[Black "Rodriguez Cespedes, Amador"]
[Result "0-1"]
[WhiteElo "2495"]
[BlackElo "2550"]
[PlyCount "94"]
[EventDate "1988.11.??"]
[Source "www.chesslib.no"]
[SourceDate "2004.05.04"]

1. e4 c5 2. Nf3 Nc6 3. d4 cxd4 4. Nxd4 Nf6 5. Nc3 d6 6. Bg5 Bd7 7. Qd2 Rc8 8. Be2 Nxd4 9. Qxd4 Qa5 10. Bd2 a6 11. a4 Qc5 12. Qd3 e6 13. O-O Be7 14. a5 O-O 15. Kh1 Qc7 16. Qg3 Bc6 17. Bh6 Ne8 18. Bd3 Bf6 19. Be3 g6 20. Bb6 Qe7 21. f4 Ng7 22. Qf2 Bxc3 23. bxc3 f5 24. exf5 Nxf5 25. Rae1 Bd5 26. Qd2 Qf6 27. Be4 Qxc3 28. Qxc3 Rxc3 29. Bxd5 exd5 30. g4 Ng7 31. Rf2 Rc4 32. Ref1 Rfc8 33. c3 Rxc3 34. f5 gxf5 35. gxf5 Rc1 36. Rxc1 Rxc1+ 37. Kg2 Kf7 38. Kf3 Nxf5 39. Rd2 Ke6 40. Re2+ Kd7 41. Kg4 Nh6+ 42. Kg5 Nf7+ 43. Kf6 Ne5 44. Kg7 Rd1 45. Rc2 Ke6 46. Bd8 h5 47. Rb2 d4 0-1

[Event "UKR ol"]
[Site "Alushta"]
[Date "1999.??.??"]
[Round "?"]
[White "Berelovich, Aleksandar"]
[Black "Baklan, Vladimir"]
[Result "1/2-1/2"]
[WhiteElo "2492"]
[BlackElo "2552"]
[PlyCount "61"]
[EventDate "1999.05.12"]
[Source "www.chesslib.no"]
[SourceDate "2004.05.04"]

1. e4 c5 2. Nf3 d6 3. d4 cxd4 4. Nxd4 Nf6 5. Nc3 Nc6 6. Bg5 Bd7 7. Qd2 Rc8 8. O-O-O Nxd4 9. Qxd4 Qa5 10. f4 Rxc3 11. bxc3 e5 12. Qb4 Qxb4 13. cxb4 Nxe4 14. Bh4 g5 15. fxg5 Be7 16. Re1 Nxg5 17. Bc4 f5 18. Rhf1 Kd8 19. Bd5 Kc7 20. Re3 Rf8 21. Rc3+ Kb8 22. Rd1 h6 23. Kb2 f4 24. Kb3 Bd8 25. Rcd3 Bb6 26. Bxg5 hxg5 27. Be4 Be6+ 28. Kb2 Bg4 29. Rxd6 Bxd1 30. Rxd1 g4 31. Rd3 1/2-1/2

[Event "XXIII Open"]
[Site "Cappelle la Grande FRA"]
[Date "2007.03.05"]
[Round "4"]
[White "Vovk, A."]
[Black "Chernyshov, K."]
[Result "1-0"]
[WhiteElo "2487"]
[BlackElo "2556"]
[PlyCount "139"]
[EventDate "2007.03.03"]
[Source "www.chesslib.no"]
[SourceDate "2004.05.04"]

1. e4 c5 2. Nf3 Nc6 3. d4 cxd4 4. Nxd4 Nf6 5. Nc3 d6 6. Bg5 Bd7 7. Qd2 Nxd4 8. Qxd4 Qa5 9. Bd2 e5 10. Qe3 Rc8 11. Bd3 a6 12. Qg3 h6 13. a3 Be6 14. O-O-O Qc7 15. Rhe1 Nh5 16. Qf3 Nf6 17. Nd5 Qd8 18. Bb4 Nd7 19. Be2 Nc5 20. Kb1 Be7 21. Qg3 O-O 22. Bc4 Kh7 23. Qe3 Bg5 24. Qe2 b5 25. Ba2 f5 26. Nc3 Qe7 27. Bxe6 Qxe6 28. Bxc5 dxc5 29. exf5 Qxf5 30. Qe4 b4 31. Qxf5+ Rxf5 32. Ne4 Rc6 33. f3 Bf4 34. h3 Rf8 35. Ka2 a5 36. Rd5 c4 37. g3 b3+ 38. Kb1 Bg5 39. Rf1 a4 40. h4 Bd8 41. Kc1 c3 42. bxc3 Be7 43. cxb3 axb3 44. Kb2 Ra6 45. Rxe5 Bxa3+ 46. Kxb3 Rd8 47. Ra1 Rb6+ 48. Kc4 Bf8 49. Rd5 Rc8+ 50. Kd3 Rb2 51. Ra7 Rb1 52. Ke3 Re1+ 53. Kf2 Rc1 54. h5 Rb8 55. Ke3 Rc8 56. Kf4 Rc2 57. Kg4 Rb2 58. Rdd7 Rc2 59. Rac7 Ra8 60. c4 Kg8 61. c5 Rc4 62. Rd5 Re8 63. Kf5 Rc1 64. Re5 Rd8 65. f4 Ra8 66. g4 Rd8 67. g5 hxg5 68. fxg5 Rd4 69. h6 Rd8 70. Kg6 1-0

[Event "Warsaw POL, 5. Amplico AIG"]
[Site "?"]
[Date "2005.12.18"]
[Round "13"]
[White "Bobras Piotr"]
[Black "Czarnota Pawel"]
[Result "0-1"]
[WhiteElo "2563"]
[BlackElo "2479"]
[PlyCount "28"]
[EventDate "2005.??.??"]
[Source "www.chesslib.no"]
[SourceDate "2004.05.04"]

1. e4 c5 2. Nf3 d6 3. d4 cxd4 4. Nxd4 Nf6 5. Nc3 Nc6 6. Bg5 Bd7 7. Qd2 Rc8 8. f4 Nxd4 9. Qxd4 Qa5 10. e5 dxe5 11. fxe5 e6 12. Rd1 Bc6 13. exf6 Qxg5 14. Ne4 Qh4+ 0-1

[Event "Saint Petersburg"]
[Site "?"]
[Date "2003.??.??"]
[Round "?"]
[White "Iljin, A."]
[Black "Miroshnichenko, E."]
[Result "0-1"]
[WhiteElo "2470"]
[BlackElo "2570"]
[PlyCount "52"]
[EventDate "2003.??.??"]
[Source "Chess Informant"]
[SourceDate "2004.02.01"]

1. e4 c5 2. Nf3 d6 3. d4 Nf6 4. Nc3 cxd4 5. Nxd4 Nc6 6. Bg5 Bd7 7. Qd2 Rc8 8. Nb3 e6 9. O-O-O a6 10. f4 Be7 11. Bxf6 gxf6 12. g3 b5 13. Kb1 b4 14. Ne2 a5 15. Nbd4 Qb6 16. g4 a4 17. h4 Na5 18. b3 Rc5 19. Ng3 Rc3 20. Nh5 axb3 21. cxb3 Bc6 22. Bg2 e5 23. fxe5 fxe5 24. Nf5 Nxb3 25. Nxd6+ Kd7 26. Qxc3 bxc3 0-1